| 000 | 00382nam a22001697a 4500 | ||
|---|---|---|---|
| 003 | OSt | ||
| 005 | 20250228154626.0 | ||
| 007 | 762 pages | ||
| 008 | 250228b |||||||| |||| 00| 0 eng d | ||
| 020 | _a8123908946 | ||
| 040 | _c | ||
| 082 |
_22 _a620.112 _bGER |
||
| 245 |
_aMechanics of Materials _cTimoshenko Gere |
||
| 250 | _a2 | ||
| 260 |
_bCBS _c2004 |
||
| 942 |
_2ddc _cBK _e2 _n0 |
||
| 999 |
_c36178 _d36178 |
||